La enseñanza de las matemáticas de 11 a 16: un enfoque centrado en la dificultad

Salvato in:
Dettagli Bibliografici
Autori principali: Macnab, D. S. (autor), Cummine, J. A (Autore)
Natura: Libro
Lingua:spagnolo
Pubblicazione: Madrid Visor 1992
Serie:Colección Aprendizaje, 85
Soggetti:
Tags: Aggiungi Tag
Nessun Tag, puoi essere il primo ad aggiungerne!!

MARC

LEADER 00000nam a2200000 a 4500
001 UCX9593
003 CL-VaPUC
008 940615e19920000SP |||||||||||||||||spa|d
082 0 4 |a 372.72  |b MAC  |2 21 
100 |a Macnab, D. S.  |e autor  |9 327026 
700 0 |a Cummine, J. A  |e author  |9 327027 
245 1 3 |a La enseñanza de las matemáticas de 11 a 16: un enfoque centrado en la dificultad 
300 |a 235 p 
942 |c BK 
945 |d 19940615 00:00:00  |a rbrito 
260 |a Madrid  |b Visor  |c 1992 
650 0 |a Matemáticas  |x Enseñanza  |9 875527 
583 |a last modification  |c 19940615 00:00:00  |k Rodrigo Vera 
490 0 |a Colección Aprendizaje, 85 
999 |c 228786  |d 228784 
952 |0 0  |1 0  |4 0  |6 372_720000000000000_MAC_1992  |7 0  |8 P  |9 229205  |a BIBEDU  |b BIBEDU  |c BIBEDU_PB  |d 2019-11-15  |i 2967065  |o 372.72 MAC 1992  |p 2967065  |r 2024-01-25  |w 2019-11-15  |y BK  |k EPE